| 000 | 00539nam a2200205Ia 4500 | ||
|---|---|---|---|
| 005 | 20250508151542.0 | ||
| 008 | 008 250505s9999 xx 000 0 eng d | ||
| 037 | _aTextual | ||
| 040 |
_aFEDL _beng _cFEDL |
||
| 041 |
_aeng _2eng |
||
| 084 |
_a023.5, MCC _qFEDL |
||
| 100 | _aMcColvin Lionel R | ||
| 245 | 0 | _aLibrary staffs | |
| 260 |
_aLondon, UK _bGeorge Allen and Unwin Ltd _c1939 |
||
| 300 | _a136p. | ||
| 365 |
_aINR _b7 |
||
| 650 | _aLibrary Science | ||
| 942 |
_cTEXL _h023.5, MCC |
||
| 999 |
_c1330577 _d1330577 |
||